Normal view
MARC view
- اعداد وتحرير العبادي، محمد يونس
Entry Personal Name
001 - CONTROL NUMBER
- control field: 61052
003 - CONTROL NUMBER IDENTIFIER
- control field: JO-AjAnu
005 - DATE AND TIME OF LATEST TRANSACTION
- control field: 20230606083957.0
008 - FIXED-LENGTH DATA ELEMENTS
- fixed length control field: 230606|| aca||aabn | a|a d
040 ## - CATALOGING SOURCE
- Original cataloging agency: JO-AjAnu
- Transcribing agency: JO-AjAnu
100 ## - HEADING--PERSONAL NAME
- Personal name: اعداد وتحرير العبادي، محمد يونس
670 ## - SOURCE DATA FOUND
- Source citation: Work cat.: (JO-AjAnu)31140: اعداد وتحرير العبادي، محمد يونس, author, الرحلة الملوكية الهاشمية من مكه المكرمة الى عمان والبيعة الكبرى بالخلافه للشريف حسين بن علي